000 00296nam a22001337a 4500
008 170731b xxu||||| |||| 00| 0 eng d
020 _a0201073226
041 _aeng
080 _a004
100 _a32
101 _aSHKI
245 _aASSEMBLER LANGUAGE PROGRAMMING
_c STRUBLE
942 _2udc
_cBK
999 _c22209
_d22209